000 00508nmm a2200169Ia 4500
008 251105s9999||||xx |||||||||||||||||und||
020 _a9789566029489
041 _aspa
100 _aMartínez Urrutia, Reinaldo
245 0 _aCuentos del Cogotán
264 _a[Santiago de Chile, Chile] :
_bEditorial Segismundo,
_c2020
300 _a78 páginas
490 _aCuenteros al Sur del Mundo
650 _aLatin American narrative
856 _uhttps://public.digitaliapublishing.com/a/63470
942 _cCF
999 _c94715
_d94715